000 02079nam0a2200349 4500
001 RU\NLR\BIBL_A\016227090
005 20230126113440.0
010 _a978-5-7516-1776-9
_94000
021 _aRU
_bКН-П-22-077535
_9КН-П-22-6779
035 _a(NLR Aleph) 016227090
035 _a(RuMoRGB)011340615
090 _a12755864
_c12755864
100 _a20221202d2022 u y0rusy50 ca
101 1 _arus
_ceng
102 _aRU
105 _ay z 000ay
181 0 _ai4
_baxxe
182 1 _an
200 1 _aДавай поженимся
_eроман
_fДжон Апдайк
_gперевод с английского Т. Кудрявцевой
203 _aТекст
_bвизуальный
_cнепосредственный
210 _aМосква
_cТекст
_d2022
215 _a364, [2] с.
_d21
225 1 _aКлассика XX
330 _aВыдающийся писатель Джон Апдайк (1932-2009) - один из самых талантливых американских литераторов. Его роман "Давай поженимся" стал бестселлером. Это трогательная и захватывающая история о взаимоотношениях двух семейных пар. Муж одной из них влюблен в жену приятеля, а его жена - в приятеля мужа. Их переполняют пылкие чувства: страсть, нежность, гнев, отчаяние. Им кажется, что стоит развестись - и начнется новая жизнь. Но оказывается, они не готовы быть вместе. Любовь - не всегда счастье, иногда это страдание
333 _a16+
675 _a821.111(73)-31
_v4
686 1 _aШ6(7США)67-440.4{Лх1979-50}
700 1 _7ca
_8rus
_aАпдайк
_bД.
_f1932-2009
_gДжон
_9120208
_3RU\NLR\AUTH\7710431
942 _cBOOK
980 _aNB